000 00400nam a22001337a 4500
008 150401b xxu||||| |||| 00| 0 eng d
020 _a9780409053746
082 _a346.0664 COR
245 _aCorporate governance review 2012 /
_cMichele Havenga (editor)
260 _aSouth Africa :
_bLexisNexis ,
_cc2012.
300 _axii,295p.
_c24cm.
500 _aIncludes bibliography and index
942 _2ddc
_cBK
999 _c5986
_d5986